[Event "Charlotte op"]
[Site "Charlotte"]
[Date "2023.01.14"]
[Round "1"]
[White "Michelle, Catherina P"]
[Black "Preotu, Razvan"]
[Result "1/2-1/2"]
[WhiteElo "2149"]
[BlackElo "2478"]
[WhiteFideId "-1"]
[WhiteFideId "-1"]
[PlyCount "70"]
[GameId "1869892216311808"]
[EventDate "2023.01.14"]
[EventType "swiss"]
[EventRounds "6"]
[EventCountry "USA"]
[SourceTitle "CBM 212 Extra"]
[Source "ChessBase"]
[SourceDate "2023.03.31"]
[SourceVersion "1"]
[SourceVersionDate "2023.03.31"]
[SourceQuality "1"]

1. e4 c5 2. Nf3 d6 3. d4 cxd4 4. Nxd4 Nf6 5. Nc3 a6 6. h3 e5 7. Nb3 Be7 8. Be3 Be6 9. f4 exf4 10. Bxf4 Nc6 11. Qe2 Ne5 12. O-O-O Nfd7 13. Kb1 O-O 14. g4 Rc8 15. Qe3 Re8 16. Nd4 h6 17. Nf5 Bf6 18. Nd5 Bxf5 19. gxf5 Nc4 20. Bxc4 Rxc4 21. Bxh6 Rexe4 22. Qg1 Kh7 23. Nxf6+ Qxf6 24. Rxd6 Re1+ 25. Qxe1 Qxd6 26. Bc1 Qd5 27. Rf1 Nf6 28. b3 Rc7 29. Qg3 Qc6 30. Bb2 Qxc2+ 31. Ka1 Rd7 32. Bxf6 Rd1+ 33. Rxd1 Qxd1+ 34. Kb2 Qd2+ 35. Kb1 Qd1+ 1/2-1/2

[Event "Charlotte op"]
[Site "Charlotte USA"]
[Date "2023.01.14"]
[Round "2.13"]
[White "Preotu, Razvan"]
[Black "Karthik, Advaith"]
[Result "1-0"]
[WhiteElo "2478"]
[BlackElo "2051"]
[WhiteFideId "-1"]
[WhiteFideId "-1"]
[PlyCount "105"]
[GameId "2130307564734553"]
[EventDate "2023.01.14"]
[EventType "swiss"]
[EventRounds "6"]
[EventCountry "USA"]
[SourceTitle "10 Days #711"]
[Source "ChessMix"]
[SourceDate "2023.01.20"]
[SourceVersion "1"]
[SourceVersionDate "2023.01.20"]
[SourceQuality "1"]

1. e4 c5 2. Nf3 Nc6 3. Bb5 g6 4. O-O Bg7 5. Re1 e5 6. Bxc6 dxc6 7. d3 Qe7 8. Be3 Nf6 9. h3 Nd7 10. a4 Nf8 11. Na3 Ne6 12. c3 O-O 13. Nc4 Qc7 14. a5 h6 15. Qb1 Rd8 16. Rd1 Bd7 17. Qc1 Kh7 18. b4 cxb4 19. cxb4 Bc8 20. Rb1 Nd4 21. Nxd4 exd4 22. Bf4 Qe7 23. e5 Be6 24. Nd6 Bd5 25. Re1 b6 26. Bg3 f6 27. axb6 axb6 28. exf6 Qxf6 29. Nc4 b5 30. Nb6 Ra2 31. Nxd5 Rxd5 32. Ra1 Rxa1 33. Qxa1 Qf5 34. Re4 Rd7 35. Qa6 Qd5 36. Qc8 Rd8 37. Qg4 Rd7 38. Re6 Qf5 39. Qxf5 gxf5 40. Rxc6 Bf8 41. Be5 Bxb4 42. Rb6 Rd5 43. f4 Bc3 44. g4 fxg4 45. hxg4 b4 46. Kg2 Rd8 47. Kf3 Rg8 48. Rb7+ Kg6 49. f5+ Kg5 50. Rb6 h5 51. Bf6+ Kh6 52. g5+ Rxg5 53. Bd8+ 1-0

[Event "Charlotte op"]
[Site "Charlotte USA"]
[Date "2023.01.15"]
[Round "3.7"]
[White "Feng, Maggie"]
[Black "Preotu, Razvan"]
[Result "0-1"]
[WhiteElo "2138"]
[BlackElo "2478"]
[WhiteFideId "-1"]
[WhiteFideId "-1"]
[PlyCount "112"]
[GameId "2130307564734563"]
[EventDate "2023.01.14"]
[EventType "swiss"]
[EventRounds "6"]
[EventCountry "USA"]
[SourceTitle "10 Days #711"]
[Source "ChessMix"]
[SourceDate "2023.01.20"]
[SourceVersion "1"]
[SourceVersionDate "2023.01.20"]
[SourceQuality "1"]

1. Nf3 d5 2. g3 Nc6 3. d4 Bf5 4. Bg2 Nb4 5. Na3 e6 6. c3 Nc6 7. Nc2 Be4 8. O-O Nf6 9. Nce1 h6 10. Nd3 Bd6 11. b3 O-O 12. Bb2 Nb8 13. c4 c6 14. Re1 Nbd7 15. Nd2 Bxg2 16. Kxg2 Ne4 17. f3 Nxd2 18. Qxd2 dxc4 19. bxc4 c5 20. d5 exd5 21. cxd5 b5 22. e4 f6 23. Nf4 Bxf4 24. gxf4 Nb6 25. f5 Nc4 26. Qe2 Nxb2 27. Qxb2 a6 28. Kh1 c4 29. Rg1 Rc8 30. Rg6 Rf7 31. Rag1 Kh8 32. Qg2 Qf8 33. e5 fxe5 34. f6 Rxf6 35. Rxg7 c3 36. Rg3 Qf7 37. Rg7 Qf8 38. Rg3 c2 39. Rc1 Qc5 40. Qd2 Qc3 41. Qxc3 Rxc3 42. Rg2 Rfxf3 43. Rgxc2 b4 44. d6 Rfd3 45. Rxc3 bxc3 46. a3 Kg7 47. d7 Rxd7 48. Rxc3 Rd6 49. Kg2 Kf6 50. Kf3 Kf5 51. Ke3 Rb6 52. Kf3 a5 53. Kf2 Rb2+ 54. Kg1 Kf4 55. Rc5 a4 56. Rc3 Rb3 0-1

[Event "Charlotte op"]
[Site "Charlotte USA"]
[Date "2023.01.15"]
[Round "4.3"]
[White "Preotu, Razvan"]
[Black "Bruzon Batista, Lazaro"]
[Result "1-0"]
[WhiteElo "2478"]
[BlackElo "2613"]
[WhiteFideId "-1"]
[WhiteFideId "-1"]
[PlyCount "47"]
[GameId "2130307564734575"]
[EventDate "2023.01.14"]
[EventType "swiss"]
[EventRounds "6"]
[EventCountry "USA"]
[SourceTitle "10 Days #711"]
[Source "ChessMix"]
[SourceDate "2023.01.20"]
[SourceVersion "1"]
[SourceVersionDate "2023.01.20"]
[SourceQuality "1"]

1. e4 e5 2. Nf3 Nc6 3. Bc4 Bc5 4. d3 Nf6 5. Bg5 Be7 6. O-O d6 7. a4 O-O 8. c3 h6 9. Bh4 Nh5 10. Bg3 g6 11. h3 Nxg3 12. fxg3 Bf6 13. Kh2 Qe7 14. Nbd2 Nd8 15. Qe2 Ne6 16. Rf2 Bd7 17. Nf1 c6 18. Ne3 Nc7 19. Raf1 Be6 20. d4 Bxc4 21. Qxc4 exd4 22. cxd4 Qxe4 23. Qb3 c5 24. Nd2 1-0

[Event "Charlotte op"]
[Site "Charlotte USA"]
[Date "2023.01.16"]
[Round "5.2"]
[White "Kavutskiy, Konstantin"]
[Black "Preotu, Razvan"]
[Result "0-1"]
[WhiteElo "2393"]
[BlackElo "2478"]
[WhiteFideId "-1"]
[WhiteFideId "-1"]
[PlyCount "52"]
[GameId "2129404712683498"]
[EventDate "2023.01.14"]
[EventType "swiss"]
[EventRounds "6"]
[EventCountry "USA"]
[SourceTitle "10 Days #711"]
[Source "ChessMix"]
[SourceDate "2023.01.20"]
[SourceVersion "1"]
[SourceVersionDate "2023.01.20"]
[SourceQuality "1"]

{[%evp 0,52,33,27,26,0,15,31,31,-15,4,4,10,4,4,4,45,-48,12,3,1,-8,-7,12,14,12,-3,2,2,-22,-3,-27,-36,-70,-20,-62,-71,-80,-81,-91,-82,-140,-124,-163,-163,-212,-207,-251,-261,-323,-275,-280,-286,-446,-441]} 1. d4 d5 2. c4 Nc6 3. cxd5 Qxd5 4. e3 e5 5. Nc3 Bb4 6. Bd2 Bxc3 7. bxc3 Nf6 8. Ne2 Qd6 9. Ng3 h5 10. h4 Bg4 11. Qb3 O-O 12. Bd3 Rad8 13. O-O b6 14. Rac1 Na5 15. Qb1 c5 16. Nf5 Qc7 17. f3 Bxf5 18. Bxf5 Nc4 19. Rfd1 Rfe8 20. Kf2 Qe7 21. Qb3 Nxd2 22. Rxd2 Nd5 23. dxc5 Qxh4+ 24. Kg1 Qg5 25. f4 Qg3 26. c4 Nxe3 0-1

[Event "Titled Tuesday 2023.01.10 Late"]
[Site "chess.com INT"]
[Date "2023.01.10"]
[Round "2"]
[White "Perrine, Dalton"]
[Black "Preotu, Razvan"]
[Result "0-1"]
[WhiteElo "2200"]
[BlackElo "2478"]
[WhiteFideId "-1"]
[WhiteFideId "-1"]
[PlyCount "68"]
[GameId "2130307564946347"]
[EventDate "2023.01.10"]
[EventType "swiss (blitz)"]
[EventRounds "11"]
[EventCountry "NET"]
[SourceTitle "The Week in Chess 1471"]
[Source "Mark Crowther"]
[SourceDate "2023.01.16"]
[SourceVersion "1"]
[SourceVersionDate "2023.01.16"]
[SourceQuality "2"]

1. Nf3 c5 2. e4 d6 3. Bb5+ Nd7 4. Ba4 Ngf6 5. O-O e6 6. Re1 a6 7. c3 b5 8. Bc2 Bb7 9. d4 Be7 10. Nbd2 Qc7 11. Nf1 O-O 12. Ng3 cxd4 13. cxd4 Rfc8 14. Bd3 b4 15. a3 bxa3 16. Rxa3 d5 17. Rc3 Qa5 18. e5 Ne4 19. Nxe4 dxe4 20. Rxc8+ Rxc8 21. Bxe4 Bxe4 22. Rxe4 Nb6 23. Bg5 Bf8 24. Bd2 Qa2 25. Bc3 Nd5 26. Qe1 Rb8 27. Nd2 a5 28. g3 a4 29. Nb1 a3 30. Re2 axb2 31. Bd2 Qb3 32. Kg2 Qd3 33. Re4 Rc8 34. h3 Rc2 0-1

[Event "Seattle USA, Pan-Am Intercollegiate 202"]
[Site "Seattle USA"]
[Date "2023.01.07"]
[Round "4"]
[White "Bok, Benjamin"]
[Black "Preotu, Razvan"]
[Result "1/2-1/2"]
[WhiteElo "2618"]
[BlackElo "2478"]
[WhiteFideId "-1"]
[WhiteFideId "-1"]
[PlyCount "78"]
[GameId "2130307565071194"]
[EventDate "2023.01.05"]
[EventType "swiss"]
[EventRounds "6"]
[EventCountry "USA"]
[SourceTitle "10 Days #710"]
[Source "ChessMix "]
[SourceDate "2023.01.10"]
[SourceVersion "1"]
[SourceVersionDate "2023.01.10"]
[SourceQuality "1"]
[WhiteTeam "SLU-A"]
[BlackTeam "UTD-A"]

1. c4 e5 2. g3 c6 3. Nf3 d6 4. Nc3 Nf6 5. Bg2 Be7 6. O-O O-O 7. Qc2 c5 8. e3 Nc6 9. b3 a6 10. Rd1 Bg4 11. h3 Bh5 12. d3 Ne8 13. Bb2 Nc7 14. a3 Qd7 15. Qe2 Qe8 16. Nd5 Nxd5 17. cxd5 Nb8 18. e4 Nd7 19. b4 a5 20. bxc5 Nxc5 21. d4 exd4 22. Bxd4 Nb3 23. Rab1 Nxd4 24. Rxd4 Bf6 25. Rd3 Qa4 26. Rxb7 Rae8 27. g4 Rxe4 28. Re3 Rxe3 29. Qxe3 Bg6 30. g5 Qd1+ 31. Bf1 Bd8 32. Nd2 f6 33. Qe6+ Bf7 34. Rxf7 Rxf7 35. Ne4 Be7 36. Qc8+ Rf8 37. Qe6+ Rf7 38. Qc8+ Rf8 39. Qe6+ Rf7 1/2-1/2

[Event "Seattle USA, Pan-Am Intercollegiate 202"]
[Site "Seattle USA"]
[Date "2023.01.08"]
[Round "6"]
[White "Sorokin, Aleksey"]
[Black "Preotu, Razvan"]
[Result "1/2-1/2"]
[WhiteElo "2537"]
[BlackElo "2478"]
[WhiteFideId "-1"]
[WhiteFideId "-1"]
[PlyCount "120"]
[GameId "2130307565071251"]
[EventDate "2023.01.05"]
[EventType "swiss"]
[EventRounds "6"]
[EventCountry "USA"]
[SourceTitle "10 Days #710"]
[Source "ChessMix "]
[SourceDate "2023.01.10"]
[SourceVersion "1"]
[SourceVersionDate "2023.01.10"]
[SourceQuality "1"]
[WhiteTeam "TTU-A"]
[BlackTeam "UTD-A"]

1. c4 c5 2. Nf3 Nf6 3. Nc3 d5 4. cxd5 Nxd5 5. e4 Nb4 6. Bc4 Nd3+ 7. Ke2 Nf4+ 8. Kf1 Ne6 9. d4 cxd4 10. Bxe6 Bxe6 11. Nxd4 Bd7 12. Bf4 Nc6 13. h4 Qa5 14. Nb3 Qa6+ 15. Kg1 e5 16. Bg5 h6 17. Nd5 Rc8 18. Be3 Nb4 19. Bc5 Nxd5 20. Bxf8 Ne3 21. fxe3 Rxf8 22. Qh5 Qf6 23. Kh2 g6 24. Rhf1 Bf5 25. Qxh6 Ke7 26. Nd4 exd4 27. Qf4 Rh8 28. Kg3 Rh5 29. exf5 Rxf5 30. Qe4+ Qe5+ 31. Qxe5+ Rxe5 32. exd4 Re3+ 33. Rf3 Re4 34. Raf1 f5 35. Rf4 Re3+ 36. Kf2 Rd3 37. h5 Rc2+ 38. Kg1 Rdd2 39. R1f2 gxh5 40. Rxf5 Rxb2 41. Re5+ Kd6 42. Rf6+ Kd7 43. Rg5 Rxd4 44. Rxh5 a6 45. a4 Rxa4 46. Rh7+ Ke8 47. Rg6 Rf4 48. Rg8+ Rf8 49. Rgg7 a5 50. Rh5 Rf7 51. Rg8+ Kd7 52. Rxa5 Kc7 53. Rc5+ Kb6 54. Rc3 Ka5 55. Ra3+ Kb4 56. Ra7 Kb3 57. Kh2 Ra2 58. Rxa2 Kxa2 59. g4 Kb3 60. g5 b5 1/2-1/2

[Event "Titled Tuesday 2022.12.27 Early"]
[Site "chess.com INT"]
[Date "2022.12.27"]
[Round "2"]
[White "Preotu, Razvan"]
[Black "Shturman, Arseniy"]
[Result "1-0"]
[WhiteElo "2493"]
[BlackElo "2185"]
[WhiteFideId "-1"]
[WhiteFideId "-1"]
[PlyCount "45"]
[GameId "2130307565648104"]
[EventDate "2022.12.27"]
[EventType "swiss (blitz)"]
[EventRounds "11"]
[EventCountry "NET"]
[SourceTitle "The Week in Chess 1469"]
[Source "Mark Crowther"]
[SourceDate "2023.01.02"]
[SourceVersion "1"]
[SourceVersionDate "2023.01.02"]
[SourceQuality "2"]

1. e4 c5 2. Nf3 d6 3. d4 cxd4 4. Nxd4 Nf6 5. Nc3 a6 6. Be3 e5 7. Nb3 Be7 8. h3 Be6 9. Qf3 b5 10. O-O-O Nbd7 11. g4 h6 12. Rg1 b4 13. Nd5 Bxd5 14. exd5 Qc7 15. Kb1 a5 16. Bb5 a4 17. Nd2 a3 18. b3 Ra5 19. Bc6 O-O 20. Nc4 Ra6 21. g5 hxg5 22. Bxg5 g6 23. Bxd7 1-0

[Event "SPICE Cup op"]
[Site "Chesterfield USA"]
[Date "2022.12.22"]
[Round "7.10"]
[White "Preotu, Razvan"]
[Black "Colas, Joshua"]
[Result "1/2-1/2"]
[WhiteElo "2493"]
[BlackElo "2228"]
[WhiteFideId "-1"]
[WhiteFideId "-1"]
[PlyCount "107"]
[GameId "2130307566372752"]
[EventDate "2022.12.18"]
[EventType "swiss"]
[EventRounds "9"]
[EventCountry "USA"]
[SourceTitle "The Week in Chess 1470"]
[Source "Mark Crowther"]
[SourceDate "2023.01.09"]
[SourceVersion "1"]
[SourceVersionDate "2023.01.09"]
[SourceQuality "2"]

1. e4 c6 2. Nc3 d5 3. Nf3 Bg4 4. Be2 dxe4 5. Nxe4 Nf6 6. h3 Bf5 7. Ng3 Bg6 8. Ne5 Nbd7 9. Nxg6 hxg6 10. d4 e6 11. Qd3 Bd6 12. O-O Qc7 13. c3 Bf4 14. Qf3 Bxc1 15. Raxc1 O-O 16. Rfe1 e5 17. dxe5 Nxe5 18. Qf4 Nd5 19. Qh4 Qd8 20. Qxd8 Raxd8 21. Bf1 Rfe8 22. Rcd1 f6 23. Ne4 b6 24. Nd2 Nf4 25. Kh2 Nfd3 26. Bxd3 Nxd3 27. Rxe8+ Rxe8 28. Nc4 Nxf2 29. Rd2 Ne4 30. Rd7 Nc5 31. Rxa7 Re2 32. Ra8+ Kh7 33. h4 Nd3 34. Nd6 g5 35. hxg5 Rxb2 36. gxf6 gxf6 37. Nc4 Rc2 38. Nxb6 Rxc3 39. a4 Ra3 40. a5 Nb4 41. Nd7 Kg7 42. Nc5 Nd3 43. Ne6+ Kh7 44. a6 c5 45. Nc7 Ne5 46. g3 Ra2+ 47. Kh3 f5 48. a7 Nf3 49. g4 fxg4+ 50. Kxg4 Ne5+ 51. Kf4 Nc6 52. Nb5 Nxa7 53. Rxa7+ Rxa7 54. Nxa7 1/2-1/2

[Event "SPICE Cup op"]
[Site "Chesterfield USA"]
[Date "2022.12.22"]
[Round "8.12"]
[White "Park, Evan"]
[Black "Preotu, Razvan"]
[Result "1/2-1/2"]
[WhiteElo "2362"]
[BlackElo "2493"]
[WhiteFideId "-1"]
[WhiteFideId "-1"]
[PlyCount "50"]
[GameId "2130307566372780"]
[EventDate "2022.12.18"]
[EventType "swiss"]
[EventRounds "9"]
[EventCountry "USA"]
[SourceTitle "The Week in Chess 1470"]
[Source "Mark Crowther"]
[SourceDate "2023.01.09"]
[SourceVersion "1"]
[SourceVersionDate "2023.01.09"]
[SourceQuality "2"]

1. e4 c5 2. Nf3 d6 3. d4 cxd4 4. Nxd4 Nf6 5. Nc3 a6 6. Bg5 e6 7. f4 Qb6 8. Qd2 Qxb2 9. Rb1 Qa3 10. f5 Nc6 11. fxe6 Bxe6 12. Nxe6 fxe6 13. Rxb7 Be7 14. Be2 O-O 15. O-O Rab8 16. Rfb1 Rxb7 17. Rxb7 d5 18. exd5 Nd4 19. Nb1 Ne4 20. Qxd4 Qa5 21. Bd2 Bc5 22. Bxa5 Bxd4+ 23. Kh1 Nf2+ 24. Kg1 Ne4+ 25. Kh1 Nf2+ 1/2-1/2

[Event "SPICE Cup op"]
[Site "Chesterfield USA"]
[Date "2022.12.23"]
[Round "9.11"]
[White "Preotu, Razvan"]
[Black "Fishbein, Mitch"]
[Result "1-0"]
[WhiteElo "2493"]
[BlackElo "2032"]
[WhiteFideId "-1"]
[WhiteFideId "-1"]
[PlyCount "97"]
[GameId "2130307566372806"]
[EventDate "2022.12.18"]
[EventType "swiss"]
[EventRounds "9"]
[EventCountry "USA"]
[SourceTitle "The Week in Chess 1470"]
[Source "Mark Crowther"]
[SourceDate "2023.01.09"]
[SourceVersion "1"]
[SourceVersionDate "2023.01.09"]
[SourceQuality "2"]

1. e4 e5 2. Nf3 Nc6 3. Bc4 Nf6 4. d3 Bc5 5. O-O O-O 6. h3 d6 7. c3 a6 8. Re1 h6 9. Bb3 Ba7 10. Nbd2 Re8 11. Nf1 Be6 12. Bc2 d5 13. Qe2 Qd7 14. Nh4 Qd8 15. Nf3 b5 16. Ng3 Nd7 17. Be3 Bxe3 18. Qxe3 Nb6 19. Bb3 Rb8 20. Rad1 a5 21. d4 exd4 22. Nxd4 Nxd4 23. Qxd4 dxe4 24. Bxe6 Qxd4 25. Bxf7+ Kxf7 26. Rxd4 Rbd8 27. Rxd8 Rxd8 28. Nxe4 Rd5 29. f4 Nc4 30. Re2 c6 31. Kf2 Nd6 32. Nd2 Kf6 33. Nf3 a4 34. g4 g6 35. Re5 Rd1 36. Nd4 Nc4 37. Re2 Rb1 38. b3 axb3 39. axb3 Na5 40. b4 Nc4 41. Re6+ Kf7 42. Rxc6 Rb2+ 43. Kg3 Nd2 44. Nxb5 g5 45. Rxh6 Nf1+ 46. Kf3 Nd2+ 47. Ke3 Nf1+ 48. Ke4 Re2+ 49. Kf3 1-0

[Event "American op"]
[Site "Orange USA"]
[Date "2022.11.24"]
[Round "2.1"]
[White "Preotu, Razvan"]
[Black "Qin, Vincent"]
[Result "1-0"]
[WhiteElo "2493"]
[BlackElo "2034"]
[WhiteFideId "-1"]
[WhiteFideId "-1"]
[PlyCount "63"]
[GameId "2129404714814892"]
[EventDate "2022.11.22"]
[EventType "swiss"]
[EventRounds "9"]
[EventCountry "USA"]
[SourceTitle "10 Days #706"]
[Source "ChessMix"]
[SourceDate "2022.12.01"]
[SourceVersion "1"]
[SourceVersionDate "2022.12.01"]
[SourceQuality "1"]
[TimeControl "5400+30"]

1. e4 c5 2. Nf3 e6 3. c3 Nf6 4. e5 Nd5 5. d4 cxd4 6. cxd4 b6 7. Bd2 Bb7 8. Nc3 Nxc3 9. Bxc3 Be7 10. Bd3 Na6 11. h4 h6 12. Qe2 Nc7 13. Bd2 a5 14. Rh3 Ba6 15. Bxa6 Nxa6 16. Rg3 Nb4 17. Kf1 g5 18. hxg5 hxg5 19. Kg1 Rc8 20. Nxg5 Nc2 21. Qe4 Bxg5 22. Bxg5 Nxa1 23. Qf4 f6 24. Bxf6 Qc7 25. Rc3 Qb8 26. Qg5 Rf8 27. Qg6+ Rf7 28. Rh3 d5 29. Qg8+ Kd7 30. Qxf7+ Kc6 31. Rc3+ Kb5 32. Qd7+ 1-0

[Event "American op"]
[Site "Orange USA"]
[Date "2022.11.24"]
[Round "3.1"]
[White "Chen, Jonathan"]
[Black "Preotu, Razvan"]
[Result "1/2-1/2"]
[WhiteElo "2193"]
[BlackElo "2493"]
[WhiteFideId "-1"]
[WhiteFideId "-1"]
[PlyCount "88"]
[GameId "2129404714814896"]
[EventDate "2022.11.22"]
[EventType "swiss"]
[EventRounds "9"]
[EventCountry "USA"]
[SourceTitle "10 Days #706"]
[Source "ChessMix"]
[SourceDate "2022.12.01"]
[SourceVersion "1"]
[SourceVersionDate "2022.12.01"]
[SourceQuality "1"]
[TimeControl "5400+30"]

1. d4 Nf6 2. c4 g6 3. Nf3 Bg7 4. g3 d5 5. cxd5 Nxd5 6. Bg2 Nb6 7. Nc3 Nc6 8. e3 O-O 9. O-O Re8 10. d5 Na5 11. Nd4 Bd7 12. Qc2 Qc8 13. Bd2 Bh3 14. Bxh3 Qxh3 15. b3 Bxd4 16. exd4 Rad8 17. Ne2 Rxd5 18. Nf4 Qf5 19. Rfc1 Nc6 20. Nxd5 Nxd5 21. Qxf5 gxf5 22. Be3 f6 23. Rc5 e6 24. a3 Kf7 25. Rac1 a6 26. Kf1 Ke7 27. b4 Kd7 28. Ke2 h5 29. Kf3 Rg8 30. Rd1 b6 31. Rc2 h4 32. Rdc1 Nce7 33. Bf4 c6 34. h3 hxg3 35. fxg3 Rh8 36. Rh2 Ng6 37. Bd2 e5 38. dxe5 fxe5 39. h4 e4+ 40. Ke2 Rh5 41. Rf2 Ne5 42. Rcf1 Nf3 43. Rxf3 exf3+ 44. Kxf3 c5 1/2-1/2

[Event "American op"]
[Site "Orange USA"]
[Date "2022.11.25"]
[Round "4.4"]
[White "Preotu, Razvan"]
[Black "Wang, Alex Yuxuan"]
[Result "1-0"]
[WhiteElo "2493"]
[BlackElo "2049"]
[WhiteFideId "-1"]
[WhiteFideId "-1"]
[PlyCount "35"]
[GameId "2129404714823095"]
[EventDate "2022.11.22"]
[EventType "swiss"]
[EventRounds "9"]
[EventCountry "USA"]
[SourceTitle "10 Days #706"]
[Source "ChessMix"]
[SourceDate "2022.12.01"]
[SourceVersion "1"]
[SourceVersionDate "2022.12.01"]
[SourceQuality "1"]
[TimeControl "5400+30"]

1. e4 c5 2. Nf3 d6 3. d4 cxd4 4. Nxd4 Nf6 5. Nc3 a6 6. Be3 e6 7. Be2 Nbd7 8. g4 Nc5 9. f3 Qc7 10. g5 Nfd7 11. b4 Nb3 12. Ncb5 axb5 13. Nxb5 Qb8 14. axb3 Rxa1 15. Qxa1 b6 16. O-O Bb7 17. Rd1 e5 18. Qc3 1-0

[Event "American op"]
[Site "Orange USA"]
[Date "2022.11.25"]
[Round "5.4"]
[White "Mikaelyan, Arman"]
[Black "Preotu, Razvan"]
[Result "0-1"]
[WhiteElo "2556"]
[BlackElo "2493"]
[WhiteFideId "-1"]
[WhiteFideId "-1"]
[PlyCount "78"]
[GameId "2129404714823099"]
[EventDate "2022.11.22"]
[EventType "swiss"]
[EventRounds "9"]
[EventCountry "USA"]
[SourceTitle "10 Days #706"]
[Source "ChessMix"]
[SourceDate "2022.12.01"]
[SourceVersion "1"]
[SourceVersionDate "2022.12.01"]
[SourceQuality "1"]

{[%evp 0,46,19,30,30,-2,-2,11,48,-6,-7,-6,1,-8,11,38,41,41,53,-13,-25,-46,-31,-25,-29,-29,-29,-39,8,-34,-13,-16,-25,-24,-6,34,31,-21,-37,-32,30,4,19,-93,-43,-93,-111,-100,47]} 1. d4 Nf6 2. Bg5 d5 3. e3 c5 4. Bxf6 gxf6 5. dxc5 e6 6. Nf3 Nd7 7. c4 dxc4 8. Bxc4 Nxc5 9. Qe2 a6 10. O-O b5 11. Rd1 Qb6 12. Bd3 f5 13. Nbd2 Bg7 14. e4 O-O 15. Bc2 Bxb2 16. Rab1 Bg7 17. exf5 exf5 18. Nc4 Qe6 19. Ne3 f4 20. Bxh7+ Kh8 21. Bf5 Qe7 22. Ne5 Qg5 23. Nf3 Qh6 24. Rd5 Na4 25. Rb4 Nc3 26. Qd3 Nxd5 27. Nxd5 Bxf5 28. Qxf5 Rac8 29. h3 Rc4 30. Rxc4 bxc4 31. Ng5 Qg6 32. Qxf4 Bh6 33. h4 Bxg5 34. hxg5 Qb1+ 35. Kh2 Qb8 36. Nc7 Rc8 37. Qf6+ Kg8 38. f4 Qxc7 39. g6 c3 0-1

[Event "American op"]
[Site "Orange USA"]
[Date "2022.11.26"]
[Round "6.2"]
[White "Preotu, Razvan"]
[Black "Grabinsky, Aaron"]
[Result "1-0"]
[WhiteElo "2493"]
[BlackElo "2425"]
[WhiteFideId "-1"]
[WhiteFideId "-1"]
[PlyCount "197"]
[GameId "2129404714823101"]
[EventDate "2022.11.22"]
[EventType "swiss"]
[EventRounds "9"]
[EventCountry "USA"]
[SourceTitle "10 Days #706"]
[Source "ChessMix"]
[SourceDate "2022.12.01"]
[SourceVersion "1"]
[SourceVersionDate "2022.12.01"]
[SourceQuality "1"]
[TimeControl "5400+30"]

1. e4 c6 2. Nc3 d5 3. Nf3 Bg4 4. h3 Bxf3 5. Qxf3 e6 6. g3 Bc5 7. Bg2 Nd7 8. d3 Ngf6 9. O-O Qc7 10. Bf4 Bd6 11. exd5 exd5 12. Rae1+ Kf8 13. Bd2 h6 14. Nd1 g6 15. c4 dxc4 16. dxc4 Kg7 17. b4 a5 18. c5 Be5 19. a3 axb4 20. axb4 Ra2 21. Re2 Rha8 22. Ne3 R8a3 23. Bc1 Rxe2 24. Bxa3 Ra2 25. Nc4 Nd5 26. Qb3 Ra1 27. Nxe5 Rxf1+ 28. Kxf1 Nxe5 29. Bxd5 cxd5 30. Qxd5 Nc6 31. b5 Nd8 32. Bb2+ Kf8 33. Be5 Qc8 34. Qd6+ Ke8 35. Kg2 Ne6 36. c6 bxc6 37. Bf6 Qd7 38. Qxc6 Qxc6+ 39. bxc6 Nc7 40. Kf3 Nd5 41. Be5 Nb4 42. c7 Kd7 43. g4 Nd5 44. Ke4 Ne7 45. Bg3 f6 46. Bh4 Ng8 47. Kd5 Ne7+ 48. Kd4 Nc6+ 49. Ke4 Kxc7 50. Bxf6 Kd6 51. Bg7 h5 52. gxh5 gxh5 53. Kf5 Ne7+ 54. Kg5 Ke6 55. Kxh5 Kf5 56. Bh6 Nd5 57. Kh4 Nf6 58. Kg3 Kg6 59. Be3 Kf5 60. f3 Nd7 61. h4 Nf6 62. Bg5 Nh5+ 63. Kf2 Ke5 64. Ke3 Kf5 65. Kd4 Ng3 66. Ke3 Nh5 67. Be7 Nf4 68. Kf2 Nh5 69. Bd6 Ng7 70. Ke3 Ne6 71. Bg3 Nc5 72. Bf4 Ne6 73. Bg5 Ng7 74. Kd4 Nh5 75. Ke3 Ng7 76. Be7 Ke6 77. Bd8 Ke5 78. f4+ Kf5 79. Kf3 Ne6 80. Bg5 Ng7 81. Be7 Ke6 82. Ba3 Kf5 83. Bd6 Ne6 84. Be5 Nd8 85. h5 Nf7 86. Bg7 Nd6 87. h6 Kg6 88. Ke3 Nc4+ 89. Ke4 Nd2+ 90. Ke5 Nc4+ 91. Ke6 Ne3 92. Bf8 Nc2 93. f5+ Kh7 94. Bg7 Nb4 95. Kd6 Nd3 96. f6 Kg6 97. h7 Kxh7 98. f7 Kxg7 99. Ke7 1-0

[Event "American op"]
[Site "Orange USA"]
[Date "2022.11.26"]
[Round "7.4"]
[White "Vidyarthi, Vyom"]
[Black "Preotu, Razvan"]
[Result "1/2-1/2"]
[WhiteElo "2402"]
[BlackElo "2493"]
[WhiteFideId "-1"]
[WhiteFideId "-1"]
[PlyCount "73"]
[GameId "2129404714823107"]
[EventDate "2022.11.22"]
[EventType "swiss"]
[EventRounds "9"]
[EventCountry "USA"]
[SourceTitle "10 Days #706"]
[Source "ChessMix"]
[SourceDate "2022.12.01"]
[SourceVersion "1"]
[SourceVersionDate "2022.12.01"]
[SourceQuality "1"]
[TimeControl "5400+30"]

1. d4 Nf6 2. Nf3 g6 3. c4 Bg7 4. Nc3 d5 5. cxd5 Nxd5 6. e4 Nxc3 7. bxc3 c5 8. Bb5+ Nc6 9. O-O O-O 10. Be3 Bg4 11. Bxc6 bxc6 12. Rc1 Rb8 13. Qa4 Bxf3 14. gxf3 Qd7 15. Rb1 Rbc8 16. Kg2 f5 17. dxc5 Kh8 18. Rfd1 Qc7 19. f4 fxe4 20. Qxe4 Rcd8 21. Rxd8 Rxd8 22. Bd4 Qd7 23. Re1 Qg4+ 24. Kh1 Bxd4 25. cxd4 Rd5 26. f5 Qxe4+ 27. Rxe4 gxf5 28. Rxe7 Rxd4 29. Rxa7 Rc4 30. a4 Rxc5 31. Kg2 Rc3 32. f3 f4 33. Rf7 Rc4 34. a5 Ra4 35. Rf5 Ra3 36. h4 Kg7 37. Rc5 1/2-1/2

[Event "American op"]
[Site "Orange USA"]
[Date "2022.11.27"]
[Round "8.3"]
[White "Shlyakhtenko, Robert"]
[Black "Preotu, Razvan"]
[Result "1/2-1/2"]
[WhiteElo "2432"]
[BlackElo "2493"]
[WhiteFideId "-1"]
[WhiteFideId "-1"]
[PlyCount "75"]
[GameId "2129404714823110"]
[EventDate "2022.11.22"]
[EventType "swiss"]
[EventRounds "9"]
[EventCountry "USA"]
[SourceTitle "10 Days #706"]
[Source "ChessMix"]
[SourceDate "2022.12.01"]
[SourceVersion "1"]
[SourceVersionDate "2022.12.01"]
[SourceQuality "1"]
[TimeControl "5400+30"]

1. d4 Nf6 2. c4 g6 3. Nc3 d5 4. Bg5 Ne4 5. Bh4 Nxc3 6. bxc3 dxc4 7. e3 Be6 8. Nf3 Bg7 9. Be2 Nd7 10. O-O O-O 11. a4 c5 12. Qc2 cxd4 13. Nxd4 Ne5 14. Nxe6 fxe6 15. Rab1 b6 16. Rfd1 Qc7 17. Qe4 Qc6 18. Qxc6 Nxc6 19. Bxc4 Kf7 20. Bb5 Na5 21. Rd7 Bf6 22. Bxf6 Kxf6 23. Rb4 e5 24. f4 Rfd8 25. Rc7 Ke6 26. fxe5 Rd5 27. Be2 Rxe5 28. Bg4+ Kf6 29. Bf3 Rd8 30. Rxa7 Rd6 31. Rf4+ Kg7 32. Rd4 Rde6 33. Bd5 Rd6 34. e4 Nc6 35. Rb7 Nxd4 36. cxd4 Rexd5 37. exd5 Kf7 38. Kf2 1/2-1/2